<The> SAGE handbook of economic geography
Saved in:
| Other Authors: | , , |
|---|---|
| Format: | Book |
| Language: | English |
| Published: |
Los Angeles
SAGE
2011
|
| Subjects: | |
| Tags: |
No Tags, Be the first to tag this record!
|
MARC
| LEADER | 00000nam a2200000 4500 | ||
|---|---|---|---|
| 001 | 0184643 | ||
| 005 | 20240315115705.4 | ||
| 020 | |a 978-1-84860-114-7 | ||
| 020 | |a 978-1-84860-115-4 | ||
| 041 | 0 | |a eng | |
| 044 | |a US | ||
| 245 | 1 | 0 | |a <The> SAGE handbook of economic geography |c edited by Andrew Leyshon ... [et al.] |
| 264 | 1 | |a Los Angeles |b SAGE |c 2011 | |
| 300 | |a xv, 411 s. | ||
| 610 | 2 | 0 | |a geografia hospodárska |
| 610 | 2 | 0 | |a modely |
| 610 | 2 | 0 | |a modelovanie |
| 610 | 2 | 0 | |a globalizácia |
| 610 | 2 | 0 | |a kapitalizmus |
| 610 | 2 | 0 | |a mestá |
| 610 | 2 | 0 | |a spravodlivosť sociálna |
| 610 | 2 | 0 | |a rozvoj trvalo udržateľný |
| 610 | 2 | 0 | |a rast hospodársky |
| 700 | 1 | |a Leyshon, Andrew | |
| 700 | 1 | |a Lee, Roger | |
| 700 | 1 | |a McDowell, Linda | |